Metódy technickej analýzy a ich aplikácia na vybrané akciové indexy diplomová práca

Guardado en:
Detalles Bibliográficos
Autor principal: Mészárosová, Anetta
Autor Corporativo: Národohospodárska fakulta EU. Katedra bankovníctva a medzinárodných financií
Otros Autores: Malacká, Viera
Formato: Libro
Lenguaje:eslovaco
Publicado: Bratislava 2013
Etiquetas: Agregar Etiqueta
Sin Etiquetas, Sea el primero en etiquetar este registro!

MARC

LEADER 00000nbm a2200000 4500
001 0169237
005 20161109102249.8
041 0 |a slo 
044 |a SK 
245 1 0 |a Metódy technickej analýzy a ich aplikácia na vybrané akciové indexy  |b diplomová práca  |c Anetta Mészárosová ; školiteľ: Viera Malacká 
264 1 |a Bratislava  |c 2013 
300 |a 66 s. 
100 1 |a Mészárosová, Anetta 
700 1 |a Malacká, Viera 
710 2 |a Národohospodárska fakulta EU. Katedra bankovníctva a medzinárodných financií